000 00498nam a2200181Ia 4500
005 20250923144549.0
008 008 250917s9999 xx 000 0 eng d
037 _aTextual
040 _aDSWL
_beng
_cDSWL
041 _aeng
_2eng
084 _qDSWL
100 _aPalande, M.R.
_9826136
245 0 _aIntroduction to indian constitution
_cby M.R. Palande
260 _aLondon
_bOxford Univ Press
_c1956
300 _aviii,524 p.
942 _cTEXL
999 _c1440556
_d1440556